00276nam a2200109 a 4500008004100000050001800041100001800059245001700077246005200094260001100146350000900157120416s9999 ||||||||||||||||| || u aND 955.F5 Kan aKanerva, Aimo10aAimo Kanerva ain search of the image of the finnish landscape a(1978) a0.00